UBT Library

War in the Pacific : (Record no. 40184)

000 -LEADER
fixed length control field 00643cam a2200241 i 4500
001 - CONTROL NUMBER
control field 4635233
005 - DATE AND TIME OF LATEST TRANSACTION
control field 20180112043236.0
008 - FIXED-LENGTH DATA ELEMENTS--GENERAL INFORMATION
fixed length control field 790302s1978 enkabc b 001 0 eng
010 ## - LIBRARY OF CONGRESS CONTROL NUMBER
LC control number 78325852
015 ## - NATIONAL BIBLIOGRAPHY NUMBER
National bibliography number GB***
020 ## - INTERNATIONAL STANDARD BOOK NUMBER
International Standard Book Number 0283984597 :
Terms of availability £6.95
040 ## - CATALOGING SOURCE
Original cataloging agency DLC
Transcribing agency DLC
Modifying agency DLC
041 ## - LANGUAGE CODE
Language code of text/sound track or separate title eng
043 ## - GEOGRAPHIC AREA CODE
Geographic area code p------
080 ## - UNIVERSAL DECIMAL CLASSIFICATION NUMBER
Universal Decimal Classification number 940.5426
082 00 - DEWEY DECIMAL CLASSIFICATION NUMBER
Classification number 940.5426 WIN
100 1# - Rafti
Rafti 19
101 ## - Shkurtesa
Shkurtesa HIS
245 10 - TITLE STATEMENT
Title War in the Pacific :
Statement of responsibility, etc [by] John Winton.
504 ## - BIBLIOGRAPHY, ETC. NOTE
Bibliography, etc Includes bibliographical references and indexes.
906 ## - LOCAL DATA ELEMENT F, LDF (RLIN)
a 7
b cbc
c orignew
d 4
e ncip
f 19
g y-gencatlg
942 ## - ADDED ENTRY ELEMENTS (KOHA)
Source of classification or shelving scheme
Item type Books
Holdings
Withdrawn status Lost status Source of classification or shelving scheme Damaged status Not for loan Collection code Permanent location Current location Shelving location Date acquired Total Checkouts Full call number Barcode Date last seen Price effective from Koha item type
          Koleksioni i përgjithshem UBT - Lipjan UBT - Lipjan Koleksioni i përgjithshem 01/12/2018   940.5426 WIN 002-2995282 01/12/2018 01/12/2018 Books
UBT Library © 2015-2024. All rights reserved University Education for Business and Technology